| 000 | 00936nam a2200265 i 4500 | ||
|---|---|---|---|
| 001 | 7759 | ||
| 003 | ES-MaACL | ||
| 005 | 20240527195124.0 | ||
| 007 | t| | ||
| 008 | 910502s1977 sp |||| | spa d | ||
| 020 | _a84-235-0122-1 | ||
| 080 | _a903.2/638"(460.16) | ||
| 080 | _a903.2"638"(463.02) | ||
| 100 | 1 |
_aCastiella Rodriguez, Amparo. _936631 |
|
| 245 | 1 | 3 |
_aLa Edad del Hierro en Navarra y Rioja / _cAmparo Castiella Rodríguez. |
| 260 |
_aPamplona : _bInstitución Príncipe de Viana, _c1977. |
||
| 300 |
_a405 p., XXVI p. de lám., [4] h. pleg. ; _c32 cm. |
||
| 490 | 1 |
_aExcavaciones en Navarra ; _v8 |
|
| 650 | 1 | 4 |
_aEdad del hierro- _zNavarra (Comunidad Autónoma) _912048 |
| 650 | 1 | 4 |
_aEdad del hierro- _zLa Rioja (Comunidad Autónoma) _9168035 |
| 710 | 2 |
_aInstitución Príncipe de Viana _94730 |
|
| 830 | 0 |
_aExcavaciones en Navarra ; _v8 _9177947 |
|
| 852 |
_aES-MaACL _jC-10861 |
||
| 999 |
_c7759 _d7759 |
||